Filmzitate - Wer hat's gesagt? - Statistiken

Allgemein
  • Dieses Quiz wurde 383 mal gespielt
  • Das Durchschnittsergebnis liegt bei 6 aus 15
Antwortstatistiken
Zitat Film % Korrekt
Meine Mama hat immer gesagt, das Leben ist wie eine Schachtel Pralinen Forrest Gump
84%
Ich bin der König der Welt! Titanic
77%
Hasta la vista, Baby Terminator 2
65%
Und Ich... bin.... Iron Man! Avengers: Endgame
56%
Ich möchte ein Spiel spielen Saw
51%
Bis zur Unendlichkeit und noch viel weiter Toy Story
44%
Ich schau dir in die Augen, Kleines Casablanca
41%
Ich sehe tote Menschen The Sixth Sense
37%
Ich will genau das, was sie hatte Harry & Sally
28%
Toto, ich glaube wir sind nicht mehr in Kansas Der Zauberer von Oz
21%
Wenn es blutet, können wir es töten Predator
19%
Ich bin doch nur ein Mädchen, das vor einem Jungen steht, und ihn bittet es zu lieben Notting Hill
18%
Sie können die Wahrheit doch gar nicht vertragen! Eine Frage der Ehre
9%
Ich bin Ihr absolut größter Fan Misery
6%
Du hattest mich schon beim "Hallo" Jerry Maguire
5%
Keine übereinstimmenden Quizze gefunden
Verteilung der Resultate
Anzahl Personen mit jedem Resultat
Perzentil nach korrekt beantworteten Fragen
Ihre Resultats-Entwicklung
Sie haben dieses Quiz noch nicht gespielt